Household Income and Financial Decision-Making Analysis in Regions of Slovakia
Predložený príspevok sa zaoberá finančným rozhodovaním domácností v regiónoch Slovenskej republiky. Domácnosti na Slovensku sú vo všeobecnosti vnímané ako konzervatívne z hľadiska investičného správania a vyznačujú sa zvýšenou averziou k riziku z pohľadu členských krajín EÚ aj OECD, ktoré majú značn...
Salvato in:
| Autore principale: | |
|---|---|
| Altri autori: | |
| Natura: | Capitolo di libro |
| Lingua: | inglese |
| Soggetti: | |
| Tags: |
Nessun Tag, puoi essere il primo ad aggiungerne!!
|
MARC
| LEADER | 00000naa$a2200000$$$4500 | ||
|---|---|---|---|
| 001 | 0300546 | ||
| 005 | 20250603085517.5 | ||
| 041 | 0 | |a eng | |
| 044 | |a TR | ||
| 245 | 1 | 0 | |a Household Income and Financial Decision-Making Analysis in Regions of Slovakia |c Yuliya Petrenko, Matej Boór |
| 520 | |a Predložený príspevok sa zaoberá finančným rozhodovaním domácností v regiónoch Slovenskej republiky. Domácnosti na Slovensku sú vo všeobecnosti vnímané ako konzervatívne z hľadiska investičného správania a vyznačujú sa zvýšenou averziou k riziku z pohľadu členských krajín EÚ aj OECD, ktoré majú značnú časť svojich finančných prostriedkov vo forme vkladov na bankových účtoch. Hlavným cieľom príspevku je odhadnúť rozdiely medzi regiónmi v podiele účasti domácností na finančných trhoch. Naša hypotéza je, že domácnosti s vyššími príjmami sú menej averzné k riziku a investujú viac prostriedkov do akcií, ktoré vykazujú vyššiu mieru rizika. | ||
| 610 | 2 | 0 | |a príjmy domácností |
| 610 | 2 | 0 | |a rozhodovanie finančné |
| 610 | 2 | 0 | |a regióny |
| 610 | 2 | 0 | |a vklady |
| 610 | 2 | 0 | |a účty |
| 100 | 1 | |a Petrenko, Yuliya, 1985- | |
| 700 | 1 | |a Boór, Matej, 1988- | |